Formel 1 Fahrer aus Österreich - Statistiken

Allgemein
  • Dieses Quiz wurde 371 mal gespielt
  • Das Durchschnittsergebnis liegt bei 5 aus 13
Antwortstatistiken
Zeitraum Rennstarts Fahrer % Korrekt
1971-1985 171 Niki Lauda
100%
1984-1997 210 Gerhard Berger
79%
1964-1970 60 Jochen Rindt
78%
1997-2007 69 Alexander Wurz
60%
2004-2010 49 Christian Klien
51%
1994 1 Roland Ratzenberger
44%
1971-1972 9 Helmut Marko
26%
1991-1995 41 Karl Wendlinger
24%
2005 11 Patrick Friesacher
22%
1974 2 Helmut Koinigg
15%
1984 8 Jo Gartner
14%
1974 1 Dieter Quester
13%
1976-1977 13 Hans Binder
10%
Keine übereinstimmenden Quizze gefunden
Verteilung der Resultate
Anzahl Personen mit jedem Resultat
Perzentil nach korrekt beantworteten Fragen
Ihre Resultats-Entwicklung
Sie haben dieses Quiz noch nicht gespielt